<?xml version="1.0" encoding="UTF-8"?>
<record
    xmlns:xsi="http://www.w3.org/2001/XMLSchema-instance"
    xsi:schemaLocation="http://www.loc.gov/MARC21/slim http://www.loc.gov/standards/marcxml/schema/MARC21slim.xsd"
    xmlns="http://www.loc.gov/MARC21/slim">

  <leader>00988nam a2200241Ia 4500</leader>
  <controlfield tag="008">120626s2000    mx            000 0 spa d</controlfield>
  <datafield tag="020" ind1=" " ind2=" ">
    <subfield code="a">9684267118</subfield>
  </datafield>
  <datafield tag="050" ind1=" " ind2=" ">
    <subfield code="a">RC480.6</subfield>
    <subfield code="b">S54 2000</subfield>
  </datafield>
  <datafield tag="100" ind1=" " ind2=" ">
    <subfield code="a">Slaikeu, Karl A.</subfield>
    <subfield code="b">1944- </subfield>
    <subfield code="e">autor</subfield>
  </datafield>
  <datafield tag="245" ind1=" " ind2=" ">
    <subfield code="a">Intervenci&#xF3;n en crisis</subfield>
    <subfield code="b">: manual para pr&#xE1;ctica e investigaci&#xF3;n</subfield>
    <subfield code="c">/ Karl A. Slaikeu</subfield>
  </datafield>
  <datafield tag="250" ind1=" " ind2=" ">
    <subfield code="a">2a edici&#xF3;n</subfield>
  </datafield>
  <datafield tag="260" ind1=" " ind2=" ">
    <subfield code="a">M&#xE9;xico</subfield>
    <subfield code="b">: El Manual Moderno</subfield>
    <subfield code="c">, 2000</subfield>
  </datafield>
  <datafield tag="300" ind1=" " ind2=" ">
    <subfield code="a">xviii, 575 p&#xE1;ginas</subfield>
  </datafield>
  <datafield tag="336" ind1=" " ind2=" ">
    <subfield code="a">texto</subfield>
  </datafield>
  <datafield tag="337" ind1=" " ind2=" ">
    <subfield code="a">sin medio</subfield>
  </datafield>
  <datafield tag="338" ind1=" " ind2=" ">
    <subfield code="a">volumen</subfield>
  </datafield>
  <datafield tag="504" ind1=" " ind2=" ">
    <subfield code="a">Bibliografia p.501-548</subfield>
  </datafield>
  <datafield tag="519" ind1=" " ind2=" ">
    <subfield code="a">Educaci&#xF3;n Mixta / </subfield>
    <subfield code="b">Psicolog&#xED;a / </subfield>
    <subfield code="c">Intervenci&#xF3;n en casos de desastre (P19-1) / </subfield>
    <subfield code="d">(06 002617)</subfield>
  </datafield>
  <datafield tag="519" ind1=" " ind2=" ">
    <subfield code="a">Educaci&#xF3;n Mixta / </subfield>
    <subfield code="b">Psicolog&#xED;a / </subfield>
    <subfield code="c">Psicoterapia breve y de emergencia (P22-2) / </subfield>
    <subfield code="d">(06 003253)</subfield>
  </datafield>
  <datafield tag="650" ind1=" " ind2="0">
    <subfield code="a">INTERVENCION EN CRISIS (SERVICIOS DE SALUD MENTAL)</subfield>
    <subfield code="v">MANUALES</subfield>
  </datafield>
  <datafield tag="942" ind1=" " ind2=" ">
    <subfield code="2">lcc</subfield>
    <subfield code="c">LB</subfield>
  </datafield>
  <datafield tag="952" ind1=" " ind2=" ">
    <subfield code="0">0</subfield>
    <subfield code="1">0</subfield>
    <subfield code="4">0</subfield>
    <subfield code="7">0</subfield>
    <subfield code="a">25</subfield>
    <subfield code="b">25</subfield>
    <subfield code="d">2012-04-17</subfield>
    <subfield code="l">4</subfield>
    <subfield code="o">RC480.6 S54 2000</subfield>
    <subfield code="p">06 001834</subfield>
    <subfield code="r">2015-10-08</subfield>
    <subfield code="s">2015-10-08</subfield>
    <subfield code="t">1</subfield>
    <subfield code="w">2012-06-26</subfield>
    <subfield code="y">LB</subfield>
  </datafield>
  <datafield tag="952" ind1=" " ind2=" ">
    <subfield code="0">0</subfield>
    <subfield code="1">0</subfield>
    <subfield code="2">lcc</subfield>
    <subfield code="4">0</subfield>
    <subfield code="7">0</subfield>
    <subfield code="a">25</subfield>
    <subfield code="b">25</subfield>
    <subfield code="d">2013-05-14</subfield>
    <subfield code="l">7</subfield>
    <subfield code="o">RC480.6 S54 2000</subfield>
    <subfield code="p">06 002617</subfield>
    <subfield code="r">2017-02-07</subfield>
    <subfield code="s">2017-02-07</subfield>
    <subfield code="t">2</subfield>
    <subfield code="w">2014-05-13</subfield>
    <subfield code="y">LB</subfield>
  </datafield>
  <datafield tag="952" ind1=" " ind2=" ">
    <subfield code="0">0</subfield>
    <subfield code="1">0</subfield>
    <subfield code="2">lcc</subfield>
    <subfield code="4">0</subfield>
    <subfield code="7">0</subfield>
    <subfield code="a">22</subfield>
    <subfield code="b">22</subfield>
    <subfield code="d">2016-09-23</subfield>
    <subfield code="l">0</subfield>
    <subfield code="o">RC480.6 S54 2000</subfield>
    <subfield code="p">06 003253</subfield>
    <subfield code="r">2016-09-23</subfield>
    <subfield code="t">3</subfield>
    <subfield code="w">2016-09-23</subfield>
    <subfield code="y">LB</subfield>
  </datafield>
  <datafield tag="999" ind1=" " ind2=" ">
    <subfield code="c">65951</subfield>
    <subfield code="d">65951</subfield>
  </datafield>
</record>
